Многофункциональный фильтровальный материал для очистки воды на основе полимерных тонковолокнистых материалов; Перспективы развития фундаментальных наук

Dades bibliogràfiques
Parent link:Перспективы развития фундаментальных наук.— 2010.— [ С. 231-233]
Autor principal: Артюшин В. А.
Altres autors: Лысак Г. В. (научный руководитель), Лысак И. А. Илья Александрович, Малиновская Т. Д.
Sumari:Заглавие с экрана
The basic advantage of offered production technology is that systems of clearing on the basis of the developed materials do not demand addition of expensive reagents in the filtrated medium, and the expensive loadings are not used in filters. Nanomodified fibrous filtering materials can be used in household and industrial systems, in small-size installations for complex sewage treatment. At filtering of drinking water there is an additional cleaning from mechanical impurity of heavy metals ions, as well there is a process of mineralization of pollution of an organic origin
Idioma:rus
Publicat: 2010
Col·lecció:Химия
Matèries:
Accés en línia:http://www.lib.tpu.ru/fulltext/c/2010/C21/077.pdf
Format: MixedMaterials Electrònic Capítol de llibre
KOHA link:https://koha.lib.tpu.ru/cgi-bin/koha/opac-detail.pl?biblionumber=252727

MARC

LEADER 00000naa2a2200000 4500
001 252727
005 20260116132444.0
035 |a (RuTPU)RU\TPU\book\275078 
090 |a 252727 
100 |a 20140305d2010 k y0rusy50 ca 
101 0 |a rus 
102 |a RU 
135 |a drcn ---uucaa 
181 0 |a i  
182 0 |a b 
200 1 |a Многофункциональный фильтровальный материал для очистки воды на основе полимерных тонковолокнистых материалов  |d Multipurpose filtering material for water treating on the basis of polymeric fine-fibered materials  |f В. А. Артюшин, Г. В. Лысак, И. А. Лысак  |g науч. рук. Т. Д. Малиновская 
203 |a Текст  |c электронный 
215 |a 1 файл(220 Кб) 
225 1 |a Химия 
300 |a Заглавие с экрана 
320 |a [Библиогр.: с. 233 (4 назв.)] 
330 |a The basic advantage of offered production technology is that systems of clearing on the basis of the developed materials do not demand addition of expensive reagents in the filtrated medium, and the expensive loadings are not used in filters. Nanomodified fibrous filtering materials can be used in household and industrial systems, in small-size installations for complex sewage treatment. At filtering of drinking water there is an additional cleaning from mechanical impurity of heavy metals ions, as well there is a process of mineralization of pollution of an organic origin 
337 |a Adobe Reader 
463 1 |0 (RuTPU)RU\TPU\book\256882  |t Перспективы развития фундаментальных наук  |l Prospects of fundamental sciences development  |o сборник научных трудов VII Международной конференция студентов и молодых ученых, г. Томск, 20-23 апреля 2010 г.  |f Национальный исследовательский Томский политехнический университет (ТПУ) ; ред. коллегия Е. А. Вайтулевич ; Г. А. Лямина ; А. В. Коршунов ; А. М. Лидер ; Ю. Р. Цой ; Т. Г. Петрашова ; Г. А. Воронова ; К. В. Карпачева  |v [ С. 231-233]  |d 2010 
510 1 |a Multipurpose filtering material for water treating on the basis of polymeric fine-fibered materials  |z eng 
610 1 |a электронный ресурс 
610 1 |a труды учёных ТПУ 
610 1 |a фильтровальные материалы 
610 1 |a вода 
610 1 |a волокна 
610 1 |a очистка 
700 1 |a Артюшин  |b В. А. 
701 1 |a Лысак  |b Г. В. 
701 1 |a Лысак  |b И. А.  |c специалист в области автоматизации и робототехники  |c доцент Томского политехнического университета, кандидат технических наук  |f 1977-  |g Илья Александрович  |3 (RuTPU)RU\TPU\pers\31784  |9 15895 
702 1 |a Малиновская  |b Т. Д.  |4 727 
801 2 |a RU  |b 63413507  |c 20160210  |g RCR 
856 4 |u http://www.lib.tpu.ru/fulltext/c/2010/C21/077.pdf 
942 |c CF